| Record ID | ia:theythoughttheyw0000maye |
| Source | Internet Archive |
| Download MARC XML | https://archive.org/download/theythoughttheyw0000maye/theythoughttheyw0000maye_marc.xml |
| Download MARC binary | https://www.archive.org/download/theythoughttheyw0000maye/theythoughttheyw0000maye_meta.mrc |
LEADER: 03732cam 22007451i 4500
001 ocm00403941
003 OCoLC
005 20210929052813.0
008 730109s1955 ilua 000 0 eng
010 $a 55005137
040 $aDLC$beng$cDLC$dMUQ$dBTCTA$dJBO$dEDX$dNIALS$dLHM$dYDXCP$dZWZ$dCWS$dQT7$dCTB$dDEBBG$dUKMGB$dBDX$dVP@$dOCLCF$dTAMSA$dOCLCO$dOCLCQ$dCSJ$dEMI$dOCLCO$dDHA$dOCLCQ$dLUE$dOCLCQ$dCCH$dOCLCQ$dEXG$dOCLCO$dIL4J6
016 7 $a002436690$2Uk
019 $a49997667$a563746075$a1078845568$a1160807126$a1221156697
020 $a0226511901
020 $a9780226511900
020 $a0226511928
020 $a9780226511924
035 $a(OCoLC)403941$z(OCoLC)49997667$z(OCoLC)563746075$z(OCoLC)1078845568$z(OCoLC)1160807126$z(OCoLC)1221156697
043 $ae-gx---
050 00 $aDD256.5$b.M39
060 4 $a000045463
082 00 $a943.086
084 $aj 10$2ifzs
084 $aNQ 1780$2rvk
100 1 $aMayer, Milton,$d1908-1986.
245 10 $aThey thought they were free :$bthe Germans, 1933-45 /$cby Milton Mayer.
260 $a[Chicago] :$bUniversity of Chicago Press,$c[1955]
300 $a345 pages :$billustrations ;$c22 cm
336 $atext$btxt$2rdacontent
337 $aunmediated$bn$2rdamedia
338 $avolume$bnc$2rdacarrier
505 0 $aTen men -- The lives men lead -- Hitler and I -- "What would you have done?" -- The joiners -- The way to stop communism -- "We think with our blood" -- The anti-semitic swindle -- "Everybody knew." "Nobody knew" -- "We Christians had the duty" -- The crimes of the losers -- "That's the way we are" -- But then it was too late -- Collective shame -- The furies: Heinrich Hilderbrandt -- The furies: Johann Kessler -- The furies: furor teutonicus -- There is no such thing -- Pressure cooker -- "Peoria uber alles" -- New boy in the neighborhood -- Two new boys in the neighborhood -- "Like God in France" -- But a man must believe in something -- Push-button panic -- The broken stones -- The liberators -- The re-educators re-educated -- The reluctant phoenix -- born yesterday -- Tug of peace -- "Are we the same as the Russians?" -- Marx talds to Michel -- The uncalculated risk.
520 $aInterviews with ten former Nazis comprise the core of this penetrating study of the psychological causes of Nazism and their implications for modern Germany.
650 0 $aNational socialism.
651 0 $aGermany$xSocial conditions$y1933-1945$vCase studies.
650 0 $aJews$zGermany.
650 0 $aNational characteristics, German.
650 6 $aAllemands.
650 6 $aJuifs$zAllemagne.
650 6 $aNazisme.
651 6 $aAllemagne$xConditions sociales.
650 7 $aJews.$2fast$0(OCoLC)fst00983135
650 7 $aNational characteristics, German.$2fast$0(OCoLC)fst01033433
650 7 $aNational socialism.$2fast$0(OCoLC)fst01033761
650 7 $aSocial conditions$2fast$0(OCoLC)fst01919811
651 7 $aGermany.$2fast$0(OCoLC)fst01210272
650 7 $aNazis.$2nli
650 7 $aNational characteristics, German.$2nli
650 7 $aNational socialisme.$2ram
650 7 $aJuifs$zAllemagne.$2ram
651 7 $aAllemagne$xConditions sociales$y1933-1945.$2ram
648 7 $a1933-1945$2fast
655 7 $aCase studies.$2fast$0(OCoLC)fst01423765
655 7 $aCase studies.$2lcgft
938 $aBrodart$bBROD$n29271398$c$24.00
938 $aBaker and Taylor$bBTCP$n55005137 /L/r872
938 $aYBP Library Services$bYANK$n131764
029 1 $aAU@$b000000635811
029 1 $aDEBBG$bBV016426861
029 1 $aHEBIS$b22658738X
029 1 $aNZ1$b4131718
029 1 $aYDXCP$b131764
029 1 $aZWZ$b016582543
994 $aZ0$bP4A
948 $hNO HOLDINGS IN P4A - 1097 OTHER HOLDINGS